[Event "RUS-ch Women Blitz 2019"]
[Site "Sochi"]
[Date "2019.10.17"]
[Round "4.8"]
[White "Vifleemskaia, Svetlana"]
[Black "Tomilova, Elena"]
[Result "1/2-1/2"]
[WhiteElo "1978"]
[BlackElo "2345"]
[Annotator "NA"]
[PlyCount "178"]
[EventDate "2019.10.17"]
[EventType "swiss"]
[EventCountry "RUS"]
[SourceTitle "playchess.com"]
[Source "ChessBase"]
[SourceQuality "1"]
[TimeControl "180+2"]

1. d4 {[%emt 0:00:00]} Nf6 {[%emt 0:00:00]} 2. c4 {[%emt 0:00:02]} e6 {[%emt 0:00:02]} 3. Nc3 {[%emt 0:00:02]} Bb4 {[%emt 0:00:02]} 4. e3 {[%emt 0:00:02]} O-O {[%emt 0:00:02]} 5. Nge2 {[%emt 0:00:02]} c6 {[%emt 0:00:02]} 6. a3 {[%emt 0:00:02]} Ba5 {[%emt 0:00:02]} 7. g3 {[%emt 0:00:26]} d5 {[%emt 0:00:05]} 8. c5 {[%emt 0:00:21]} Ne4 {[%emt 0:00:17]} 9. Bg2 {[%emt 0:00:11]} Nxc3 {[%emt 0:00:15]} 10. Nxc3 {[%emt 0:00:09]} Nd7 {[%emt 0:00:06]} 11. f4 {[%emt 0:00:11]} f6 {[%emt 0:00:18]} 12. O-O {[%emt 0:00:16]} e5 {[%emt 0:00:13]} 13. b4 {[%emt 0:00:45]} Bc7 {[%emt 0:00:02]} 14. e4 {[%emt 0:00:05]} exd4 {[%emt 0:00:12]} 15. Qxd4 {[%emt 0:00:06]} dxe4 {[%emt 0:00:07]} 16. Nxe4 {[%emt 0:00:03]} Re8 {[%emt 0:00:23]} 17. Bb2 {[%emt 0:00:05]} Nf8 {[%emt 0:00:04]} 18. Nd6 {[%emt 0:00:15]} Bxd6 {[%emt 0:00:06]} 19. cxd6 {[%emt 0:00:01]} Bd7 {[%emt 0:00:10]} 20. Rad1 {[%emt 0:00:02]} Qb6 {[%emt 0:00:03]} 21. Rfe1 {[%emt 0:00:07]} Ne6 $16 {[%emt 0:00:24]} ({Better is} 21... Kf7 $14) 22. Qf2 {[%emt 0:00:07]} Qxf2+ {[%emt 0:00:09]} 23. Kxf2 {[%emt 0:00:01]} a6 {[%emt 0:00:07]} 24. h4 {[%emt 0:00:06]} Kf7 {[%emt 0:00:07]} 25. f5 {[%emt 0:00:10]} Nf8 {[%emt 0:00:08]} 26. g4 {[%emt 0:00:02]} g6 {[%emt 0:00:03]} 27. fxg6+ {[%emt 0:00:08]} hxg6 {[%emt 0:00:05]} 28. Kg3 {[%emt 0:00:00]} a5 {[%emt 0:00:05]} 29. Bc3 {[%emt 0:00:03]} axb4 {[%emt 0:00:01]} 30. Bxb4 {[%emt 0:00:01]} Rxe1 {[%emt 0:00:08]} 31. Rxe1 {[%emt 0:00:01]} Re8 {[%emt 0:00:02]} 32. Re7+ {[%emt 0:00:01]} Rxe7 {[%emt 0:00:03]} 33. dxe7 {[%emt 0:00:01]} Ne6 {[%emt 0:00:03]} 34. h5 {[%emt 0:00:02]} gxh5 {[%emt 0:00:03]} 35. gxh5 {[%emt 0:00:01]} c5 {[%emt 0:00:01]} 36. Bc3 {[%emt 0:00:05]} b5 {[%emt 0:00:03]} 37. h6 {[%emt 0:00:02]} Ng5 {[%emt 0:00:03]} 38. Bd5+ {[%emt 0:00:04]} Kxe7 {[%emt 0:00:03]} 39. Kf4 {[%emt 0:00:02]} Kd6 {[%emt 0:00:02]} 40. Bg8 {[%emt 0:00:02]} Be6 {[%emt 0:00:03]} 41. h7 {[%emt 0:00:02]} Nxh7 {[%emt 0:00:03]} 42. Bxh7 {[%emt 0:00:00]} Kd5 {[%emt 0:00:00]} 43. Bxf6 {[%emt 0:00:01]} Kc4 {[%emt 0:00:02]} 44. Be7 {[%emt 0:00:01]} b4 {[%emt 0:00:02]} 45. axb4 {[%emt 0:00:01]} cxb4 {[%emt 0:00:01]} 46. Bf6 {[%emt 0:00:04]} b3 {[%emt 0:00:03]} 47. Ke3 {[%emt 0:00:01]} Bd5 {[%emt 0:00:02]} 48. Kd2 {[%emt 0:00:01]} Be6 {[%emt 0:00:02]} 49. Kc1 {[%emt 0:00:01]} Kb4 {[%emt 0:00:02]} 50. Kb2 {[%emt 0:00:00]} Bf7 {[%emt 0:00:02]} 51. Bd3 {[%emt 0:00:02]} Be6 {[%emt 0:00:02]} 52. Be2 {[%emt 0:00:01]} Bf7 {[%emt 0:00:01]} 53. Be7+ {[%emt 0:00:01]} Ka5 {[%emt 0:00:02]} 54. Kc3 {[%emt 0:00:01]} Kb6 {[%emt 0:00:03]} 55. Ba3 {[%emt 0:00:03]} Kc6 {[%emt 0:00:03]} 56. Kb4 {[%emt 0:00:02]} Kb6 {[%emt 0:00:02]} 57. Bf3 {[%emt 0:00:02]} Kc7 {[%emt 0:00:04]} 58. Kc5 {[%emt 0:00:01]} Kd7 {[%emt 0:00:03]} 59. Bb2 {[%emt 0:00:02]} Kc7 {[%emt 0:00:01]} 60. Be5+ {[%emt 0:00:02]} Kd7 {[%emt 0:00:00]} 61. Bg4+ {[%emt 0:00:01]} Be6 {[%emt 0:00:01]} 62. Bd1 {[%emt 0:00:01]} Bf7 {[%emt 0:00:01]} 63. Be2 {[%emt 0:00:02]} Bg8 {[%emt 0:00:01]} 64. Bb2 {[%emt 0:00:02]} Bf7 {[%emt 0:00:01]} 65. Bb5+ {[%emt 0:00:01]} Ke7 {[%emt 0:00:02]} 66. Bd3 {[%emt 0:00:04]} Kd7 {[%emt 0:00:02]} 67. Bf5+ {[%emt 0:00:03]} Be6 68. Be4 Bf7 {[%emt 0:00:03]} 69. Kd4 {[%emt 0:00:02]} Be6 70. Ke5 Bg8 {[%emt 0:00:06]} 71. Bf5+ {[%emt 0:00:02]} Kc6 {[%emt 0:00:01]} 72. Kd4 {[%emt 0:00:01]} Bf7 {[%emt 0:00:04]} 73. Ba3 {[%emt 0:00:00]} Bg8 {[%emt 0:00:01]} 74. Bd3 {[%emt 0:00:03]} Bf7 {[%emt 0:00:02]} 75. Be4+ {[%emt 0:00:03]} Kd7 {[%emt 0:00:01]} 76. Ke5 {[%emt 0:00:03]} b2 {[%emt 0:00:02]} 77. Bxb2 {[%emt 0:00:01]} Bg8 {[%emt 0:00:04]} 78. Ba3 {[%emt 0:00:02]} Bf7 {[%emt 0:00:02]} 79. Kf6 {[%emt 0:00:03]} Bg8 {[%emt 0:00:02]} 80. Ke5 {[%emt 0:00:03]} Bf7 {[%emt 0:00:01]} 81. Bd6 {[%emt 0:00:02]} Bg8 {[%emt 0:00:02]} 82. Bf5+ {[%emt 0:00:01]} Kc6 {[%emt 0:00:01]} 83. Be7 {[%emt 0:00:07]} Bf7 {[%emt 0:00:02]} 84. Be4+ {[%emt 0:00:01]} Kd7 {[%emt 0:00:02]} 85. Bc5 {[%emt 0:00:01]} Bg8 {[%emt 0:00:01]} 86. Bb7 {[%emt 0:00:06]} Kc7 {[%emt 0:00:02]} 87. Be4 {[%emt 0:00:03]} Kd7 {[%emt 0:00:01]} 88. Bd6 {[%emt 0:00:00]} Bf7 {[%emt 0:00:02]} 89. Bb4 {[%emt 0:00:05]} Bg8 {[%emt 0:00:01]} 1/2-1/2

[Event "RUS-ch Women Blitz 2019"]
[Site "Sochi"]
[Date "2019.10.17"]
[Round "4.9"]
[White "Koroleva, Evgeniya"]
[Black "Maltsevskaya, Aleksandra"]
[Result "1-0"]
[WhiteElo "1855"]
[BlackElo "2333"]
[Annotator "NA"]
[PlyCount "87"]
[EventDate "2019.10.17"]
[EventType "swiss"]
[EventCountry "RUS"]
[SourceTitle "playchess.com"]
[Source "ChessBase"]
[SourceQuality "1"]
[TimeControl "180+2"]

1. d4 {[%emt 0:00:00]} Nf6 {[%emt 0:00:00]} 2. Nf3 {[%emt 0:00:00]} g6 {[%emt 0:00:03]} 3. c4 {[%emt 0:00:01]} Bg7 {[%emt 0:00:02]} 4. Nc3 {[%emt 0:00:01]} d6 {[%emt 0:00:01]} 5. e3 {[%emt 0:00:03]} O-O {[%emt 0:00:03]} 6. Be2 {[%emt 0:00:03]} Nbd7 {[%emt 0:00:01]} 7. O-O {[%emt 0:00:02]} e5 {[%emt 0:00:01]} 8. Qc2 {[%emt 0:00:08]} Re8 {[%emt 0:00:27]} 9. a3 {[%emt 0:00:07]} Nf8 {[%emt 0:00:12]} 10. b4 {[%emt 0:00:12]} e4 {[%emt 0:00:01]} 11. Nd2 {[%emt 0:00:01]} Bf5 {[%emt 0:00:01]} 12. Rb1 {[%emt 0:00:22]} h5 {[%emt 0:00:02]} 13. Re1 {[%emt 0:00:29]} N8h7 {[%emt 0:00:03]} 14. Bf1 {[%emt 0:00:04]} Ng5 {[%emt 0:01:32]} 15. Bb2 {[%emt 0:00:10]} Ng4 {[%emt 0:00:17]} 16. h3 {[%emt 0:00:15]} Nxf2 {[%emt 0:00:30]} 17. Kxf2 {[%emt 0:00:11]} Nxh3+ {[%emt 0:00:01]} 18. gxh3 {[%emt 0:00:08]} Qh4+ {[%emt 0:00:01]} 19. Ke2 {[%emt 0:00:25]} Bg4+ {[%emt 0:00:02]} 20. hxg4 {[%emt 0:00:07]} Qxg4+ {[%emt 0:00:01]} 21. Kf2 {[%emt 0:00:12]} Bf6 {[%emt 0:00:02]} 22. Bg2 {[%emt 0:00:12]} h4 {[%emt 0:00:02]} 23. Rh1 {[%emt 0:00:02]} Qg3+ {[%emt 0:00:10]} 24. Kf1 {[%emt 0:00:06]} Qxe3 {[%emt 0:00:02]} 25. Ncxe4 {[%emt 0:00:09]} Bg7 {[%emt 0:00:03]} 26. Re1 {[%emt 0:00:02]} Qf4+ {[%emt 0:00:02]} 27. Nf2 {[%emt 0:00:02]} Rxe1+ {[%emt 0:00:02]} 28. Kxe1 {[%emt 0:00:01]} Re8+ {[%emt 0:00:01]} 29. Kf1 {[%emt 0:00:01]} Re3 {[%emt 0:00:08]} 30. Rh3 {[%emt 0:00:07]} Re7 {[%emt 0:00:03]} 31. Qd3 {[%emt 0:00:03]} Bh6 {[%emt 0:00:02]} 32. Rf3 {[%emt 0:00:03]} Qxd2 {[%emt 0:00:02]} 33. Qxd2 {[%emt 0:00:01]} Bxd2 {[%emt 0:00:02]} 34. Nd3 {[%emt 0:00:02]} f5 {[%emt 0:00:02]} 35. Rf2 {[%emt 0:00:02]} Bg5 {[%emt 0:00:01]} 36. Re2 {[%emt 0:00:01]} Rf7 {[%emt 0:00:01]} 37. Bxb7 {[%emt 0:00:01]} Rh7 {[%emt 0:00:02]} 38. Bd5+ {[%emt 0:00:01]} Kf8 {[%emt 0:00:01]} 39. Kg2 {[%emt 0:00:03]} h3+ {[%emt 0:00:01]} 40. Kh2 {[%emt 0:00:02]} Bf6 {[%emt 0:00:01]} 41. Nf4 {[%emt 0:00:02]} Kg7 {[%emt 0:00:04]} 42. Ne6+ {[%emt 0:00:02]} Kh8 {[%emt 0:00:01]} 43. Re3 {[%emt 0:00:03]} g5 {[%emt 0:00:03]} 44. Rxh3 {[%emt 0:00:01]} 1-0

[Event "RUS-ch Women Blitz 2019"]
[Site "Sochi"]
[Date "2019.10.17"]
[Round "4.10"]
[White "Pogonina, Natalija"]
[Black "Yakimova, Mariya"]
[Result "0-1"]
[WhiteElo "2479"]
[BlackElo "2276"]
[Annotator "ChessBase"]
[PlyCount "92"]
[EventDate "2019.10.17"]
[EventType "swiss"]
[EventCountry "RUS"]
[SourceTitle "playchess.com"]
[Source "ChessBase"]
[SourceQuality "1"]
[TimeControl "180+2"]

1. d4 {[%emt 0:00:00]} f5 {[%emt 0:00:00]} 2. g3 {[%emt 0:00:05]} Nf6 {[%emt 0:00:00]} 3. Bg2 {[%emt 0:00:01]} e6 {[%emt 0:00:01]} 4. c4 {[%emt 0:00:03]} d5 {[%emt 0:00:01]} 5. Qc2 {[%emt 0:00:03]} c6 {[%emt 0:00:02]} 6. Nf3 {[%emt 0:00:02]} Bd6 {[%emt 0:00:01]} 7. O-O {[%emt 0:00:03]} O-O {[%emt 0:00:02]} 8. b3 {[%emt 0:00:02]} Qe7 {[%emt 0:00:00]} 9. a4 {[%emt 0:00:02]} a5 {[%emt 0:00:01]} 10. Ba3 {[%emt 0:00:04]} Bxa3 {[%emt 0:00:01]} 11. Rxa3 {[%emt 0:00:02]} Na6 {[%emt 0:00:04]} 12. Ra1 {[%emt 0:00:02]} Bd7 {[%emt 0:00:02]} 13. Nc3 {[%emt 0:00:10]} Nb4 {[%emt 0:00:02]} 14. Qb2 {[%emt 0:00:04]} b6 {[%emt 0:00:05]} 15. e3 {[%emt 0:00:04]} Be8 {[%emt 0:00:07]} 16. Ne5 {[%emt 0:00:03]} Nd7 {[%emt 0:00:03]} 17. Na2 {[%emt 0:00:15]} Nxe5 {[%emt 0:00:12]} 18. dxe5 {[%emt 0:00:03]} Na6 {[%emt 0:00:17]} 19. Rac1 {[%emt 0:00:08]} Nc5 {[%emt 0:00:16]} 20. Qc3 {[%emt 0:00:11]} Rc8 {[%emt 0:00:17]} 21. Rc2 {[%emt 0:00:13]} Bg6 {[%emt 0:00:07]} 22. Rb2 {[%emt 0:00:06]} Rfd8 {[%emt 0:00:10]} 23. Nc1 {[%emt 0:00:03]} Na6 {[%emt 0:00:11]} 24. Nd3 {[%emt 0:00:07]} c5 {[%emt 0:00:15]} 25. cxd5 {[%emt 0:00:03]} exd5 {[%emt 0:00:11]} 26. Nf4 {[%emt 0:00:05]} Nb4 {[%emt 0:00:11]} 27. Nxg6 {[%emt 0:00:15]} hxg6 {[%emt 0:00:01]} 28. Rd2 {[%emt 0:00:02]} d4 {[%emt 0:00:04]} 29. Qc4+ {[%emt 0:00:03]} Kh7 {[%emt 0:00:07]} 30. Rfd1 {[%emt 0:00:17]} Qxe5 {[%emt 0:00:16]} 31. Bf1 {[%emt 0:00:07]} Qe7 {[%emt 0:00:09]} 32. exd4 {[%emt 0:00:17]} cxd4 {[%emt 0:00:01]} 33. Qb5 {[%emt 0:00:04]} Qc5 {[%emt 0:00:01]} 34. Bc4 {[%emt 0:00:09]} Rc7 {[%emt 0:00:13]} 35. h4 {[%emt 0:00:09]} Re7 {[%emt 0:00:05]} 36. Re2 {[%emt 0:00:10]} Rxe2 {[%emt 0:00:07]} 37. Bxe2 {[%emt 0:00:01]} Qxb5 {[%emt 0:00:10]} 38. Bxb5 {[%emt 0:00:02]} Kg8 {[%emt 0:00:07]} 39. Kg2 {[%emt 0:00:02]} Na2 {[%emt 0:00:07]} 40. Bc4+ {[%emt 0:00:02]} Kf8 {[%emt 0:00:01]} 41. Kf3 {[%emt 0:00:05]} Nc3 {[%emt 0:00:01]} 42. Rd3 {[%emt 0:00:09]} Ke7 {[%emt 0:00:01]} 43. Kf4 {[%emt 0:00:04]} Kf6 {[%emt 0:00:01]} 44. Rd2 {[%emt 0:00:06]} Ne4 {[%emt 0:00:04]} 45. Rd1 {[%emt 0:00:10]} Nxf2 {[%emt 0:00:04]} 46. Re1 {[%emt 0:00:01]} Ne4 {[%emt 0:00:05]} 0-1

[Event "RUS-ch Women Blitz 2019"]
[Site "Sochi"]
[Date "2019.10.17"]
[Round "4.11"]
[White "Trapeznikova, Darya"]
[Black "Ambartsumova, Karina"]
[Result "0-1"]
[WhiteElo "2065"]
[BlackElo "2341"]
[Annotator "NA"]
[PlyCount "108"]
[EventDate "2019.10.17"]
[EventType "swiss"]
[EventCountry "RUS"]
[SourceTitle "playchess.com"]
[Source "ChessBase"]
[SourceQuality "1"]
[TimeControl "180+2"]

1. Nf3 {[%emt 0:00:00]} Nf6 {[%emt 0:00:00]} 2. c4 {[%emt 0:00:01]} g6 {[%emt 0:00:04]} 3. Nc3 {[%emt 0:00:01]} Bg7 {[%emt 0:00:01]} 4. d4 {[%emt 0:00:01]} O-O {[%emt 0:00:02]} 5. Bf4 {[%emt 0:00:02]} d6 {[%emt 0:00:03]} 6. e3 {[%emt 0:00:01]} Nc6 {[%emt 0:00:08]} 7. h3 {[%emt 0:00:20]} Nd7 {[%emt 0:00:01]} 8. Be2 {[%emt 0:00:07]} e5 {[%emt 0:00:01]} 9. Bh2 {[%emt 0:00:10]} Re8 {[%emt 0:00:10]} 10. O-O {[%emt 0:00:05]} e4 {[%emt 0:00:01]} 11. Nd2 {[%emt 0:00:02]} f5 {[%emt 0:00:01]} 12. a3 {[%emt 0:00:24]} Nf6 {[%emt 0:00:03]} 13. b4 {[%emt 0:00:03]} Ne7 {[%emt 0:00:56]} 14. c5 {[%emt 0:00:15]} dxc5 {[%emt 0:00:29]} 15. Qb3+ {[%emt 0:00:27]} Kh8 {[%emt 0:00:07]} 16. bxc5 {[%emt 0:00:02]} Ned5 {[%emt 0:00:15]} 17. Bc4 {[%emt 0:00:31]} c6 {[%emt 0:00:05]} 18. Nxd5 {[%emt 0:00:02]} cxd5 {[%emt 0:00:05]} 19. Be2 {[%emt 0:00:07]} g5 {[%emt 0:00:20]} 20. Rac1 {[%emt 0:00:10]} Re6 {[%emt 0:00:09]} 21. Bb5 $14 {[%emt 0:00:21]} (21. Nb1 $16) 21... Bd7 {[%emt 0:00:16]} 22. Bxd7 Qxd7 {[%emt 0:00:01]} 23. Rb1 b6 24. cxb6 {[%emt 0:00:10]} axb6 {[%emt 0:00:08]} 25. Rfc1 {[%emt 0:00:08]} Ne8 {[%emt 0:00:00]} 26. Qb4 {[%emt 0:00:06]} Kg8 {[%emt 0:00:03]} 27. Rc2 {[%emt 0:00:12]} Bf8 {[%emt 0:00:02]} 28. Qb3 {[%emt 0:00:05]} Rxa3 {[%emt 0:00:01]} 29. Qb5 {[%emt 0:00:02]} Qxb5 {[%emt 0:00:02]} 30. Rxb5 {[%emt 0:00:01]} Ra1+ {[%emt 0:00:01]} 31. Rb1 {[%emt 0:00:00]} Rxb1+ {[%emt 0:00:05]} 32. Nxb1 {[%emt 0:00:01]} b5 {[%emt 0:00:15]} 33. Nc3 {[%emt 0:00:04]} Rc6 {[%emt 0:00:00]} 34. Rc1 {[%emt 0:00:02]} b4 {[%emt 0:00:02]} 35. Ne2 {[%emt 0:00:03]} Rxc1+ {[%emt 0:00:01]} 36. Nxc1 {[%emt 0:00:01]} Kf7 {[%emt 0:00:01]} 37. Nb3 {[%emt 0:00:01]} Ke6 {[%emt 0:00:01]} 38. Kf1 {[%emt 0:00:01]} Bd6 {[%emt 0:00:02]} 39. Bxd6 {[%emt 0:00:02]} Kxd6 {[%emt 0:00:02]} 40. Ke2 {[%emt 0:00:01]} Kc6 {[%emt 0:00:01]} 41. Kd2 {[%emt 0:00:02]} Nc7 {[%emt 0:00:03]} 42. Nc5 {[%emt 0:00:04]} Kb5 {[%emt 0:00:03]} 43. Kc2 {[%emt 0:00:04]} Kc4 {[%emt 0:00:01]} 44. f3 {[%emt 0:00:02]} Nb5 {[%emt 0:00:05]} 45. fxe4 {[%emt 0:00:02]} fxe4 {[%emt 0:00:02]} 46. Ne6 {[%emt 0:00:02]} h6 {[%emt 0:00:04]} 47. Nd8 {[%emt 0:00:03]} b3+ {[%emt 0:00:01]} 48. Kb2 {[%emt 0:00:01]} Nc3 {[%emt 0:00:01]} 49. Nb7 {[%emt 0:00:02]} Nd1+ {[%emt 0:00:00]} 50. Kc1 {[%emt 0:00:02]} Nxe3 {[%emt 0:00:02]} 51. Na5+ {[%emt 0:00:01]} Kc3 {[%emt 0:00:02]} 52. Kb1 {[%emt 0:00:03]} Nc4 {[%emt 0:00:01]} 53. Nc6 {[%emt 0:00:01]} Nd2+ {[%emt 0:00:02]} 54. Kc1 {[%emt 0:00:01]} b2+ {[%emt 0:00:01]} 0-1

[Event "RUS-ch Women Blitz 2019"]
[Site "Sochi"]
[Date "2019.10.17"]
[Round "4.12"]
[White "Guseva, Marina"]
[Black "Gutkovich, Polina"]
[Result "1-0"]
[WhiteElo "2366"]
[BlackElo "2105"]
[Annotator "NA"]
[PlyCount "61"]
[EventDate "2019.10.17"]
[EventType "swiss"]
[EventCountry "RUS"]
[SourceTitle "playchess.com"]
[Source "ChessBase"]
[SourceQuality "1"]
[TimeControl "180+2"]

1. d4 {[%emt 0:00:00]} Nf6 {[%emt 0:00:00]} 2. c4 e6 3. Nc3 {[%emt 0:00:01]} c5 {[%emt 0:00:00]} 4. d5 {[%emt 0:00:01]} exd5 5. cxd5 {[%emt 0:00:01]} d6 {[%emt 0:00:00]} 6. e4 {[%emt 0:00:02]} g6 {[%emt 0:00:01]} 7. Bd3 {[%emt 0:00:01]} Bg7 {[%emt 0:00:01]} 8. h3 {[%emt 0:00:01]} O-O {[%emt 0:00:05]} 9. Nf3 {[%emt 0:00:01]} Re8 {[%emt 0:00:07]} 10. O-O {[%emt 0:00:05]} Na6 {[%emt 0:00:01]} 11. Re1 {[%emt 0:00:07]} Nc7 {[%emt 0:00:02]} 12. a4 {[%emt 0:00:05]} a6 {[%emt 0:00:06]} 13. Bf4 {[%emt 0:00:06]} Rb8 {[%emt 0:00:06]} 14. a5 {[%emt 0:00:02]} Bf8 {[%emt 0:00:02]} 15. Bc4 {[%emt 0:00:10]} Bd7 {[%emt 0:00:04]} 16. e5 {[%emt 0:00:34]} Nh5 {[%emt 0:00:02]} 17. Bh2 {[%emt 0:00:12]} Bb5 {[%emt 0:00:13]} 18. b3 {[%emt 0:00:14]} dxe5 {[%emt 0:01:38]} 19. Nxe5 {[%emt 0:00:04]} Bd6 {[%emt 0:00:08]} 20. Qd2 {[%emt 0:01:07]} Ng7 $16 {[%emt 0:00:45]} 21. Rad1 {[%emt 0:00:07]} Nf5 {[%emt 0:00:02]} 22. Bf4 {[%emt 0:00:05]} Nd4 {[%emt 0:00:06]} 23. Ng4 {[%emt 0:00:24]} Bxf4 {[%emt 0:00:11]} 24. Qxf4 {[%emt 0:00:01]} f5 {[%emt 0:00:04]} 25. Ne5 {[%emt 0:00:09]} Bxc4 {[%emt 0:00:01]} 26. bxc4 {[%emt 0:00:03]} b5 {[%emt 0:00:03]} 27. axb6 {[%emt 0:00:03]} Rxb6 {[%emt 0:00:00]} 28. Na4 {[%emt 0:00:05]} Rb4 {[%emt 0:00:02]} 29. Nxc5 {[%emt 0:00:01]} Rxc4 {[%emt 0:00:02]} 30. Nxc4 {[%emt 0:00:02]} Nxd5 {[%emt 0:00:03]} 31. Qxd4 {[%emt 0:00:04]} 1-0

[Event "RUS-ch Women Blitz 2019"]
[Site "Sochi"]
[Date "2019.10.17"]
[Round "5.1"]
[White "Kovanova, Baira"]
[Black "Voit, Daria"]
[Result "1/2-1/2"]
[WhiteElo "2344"]
[BlackElo "2336"]
[Annotator "NA RC"]
[PlyCount "73"]
[EventDate "2019.10.17"]
[EventType "swiss"]
[EventCountry "RUS"]
[SourceTitle "playchess.com"]
[Source "ChessBase"]
[SourceQuality "1"]
[TimeControl "180+2"]

1. Nf3 {[%emt 0:00:00]} Nf6 {[%emt 0:00:00]} 2. g3 {[%emt 0:00:01]} g6 {[%emt 0:00:01]} 3. Bg2 {[%emt 0:00:00]} Bg7 {[%emt 0:00:01]} 4. O-O {[%emt 0:00:02]} O-O {[%emt 0:00:02]} 5. c4 {[%emt 0:00:05]} c6 {[%emt 0:00:01]} 6. Nc3 {[%emt 0:00:07]} d5 {[%emt 0:00:02]} 7. cxd5 {[%emt 0:00:03]} cxd5 {[%emt 0:00:01]} 8. d4 {[%emt 0:00:01]} e6 {[%emt 0:00:03]} 9. Ne5 {[%emt 0:00:03]} Nfd7 {[%emt 0:00:01]} 10. f4 {[%emt 0:00:09]} Nc6 {[%emt 0:00:01]} 11. e3 {[%emt 0:00:14]} Nb6 {[%emt 0:00:03]} 12. b3 {[%emt 0:00:02]} Bd7 {[%emt 0:00:27]} 13. Ba3 {[%emt 0:00:03]} Re8 {[%emt 0:00:01]} 14. Qe2 {[%emt 0:00:30]} Bf8 {[%emt 0:00:14]} 15. Bb2 {[%emt 0:00:32]} Nc8 {[%emt 0:00:16]} 16. Rac1 {[%emt 0:00:15]} Nd6 {[%emt 0:00:07]} 17. Ba3 {[%emt 0:00:21]} f6 {[%emt 0:00:13]} 18. Nd3 {[%emt 0:00:06]} Kg7 {[%emt 0:00:32]} 19. Bb2 {[%emt 0:00:13]} b6 {[%emt 0:00:20]} 20. Qf2 {[%emt 0:00:01]} Rc8 {[%emt 0:00:03]} 21. e4 {[%emt 0:00:04]} dxe4 {[%emt 0:00:06]} 22. Nxe4 {[%emt 0:00:11]} Nxe4 {[%emt 0:00:04]} 23. Bxe4 {[%emt 0:00:02]} Nb4 {[%emt 0:00:03]} 24. Rxc8 {[%emt 0:00:17]} Qxc8 {[%emt 0:00:05]} 25. Rc1 {[%emt 0:00:01]} Nxd3 {[%emt 0:00:10]} 26. Bxd3 {[%emt 0:00:11]} Qb7 {[%emt 0:00:01]} 27. Bf1 {[%emt 0:00:09]} Bc6 {[%emt 0:00:05]} 28. Bg2 {[%emt 0:00:04]} Bd5 {[%emt 0:00:17]} 29. Bxd5 {[%emt 0:00:05]} Qxd5 {[%emt 0:00:01]} 30. Rc7+ {[%emt 0:00:01]} Re7 {[%emt 0:00:01]} 31. Rc8 {[%emt 0:00:01]} Rd7 {[%emt 0:00:10]} 32. Qg2 {[%emt 0:00:02]} Qxg2+ {[%emt 0:00:16]} 33. Kxg2 {[%emt 0:00:01]} e5 {[%emt 0:00:02]} 34. fxe5 {[%emt 0:00:05]} fxe5 {[%emt 0:00:01]} 35. Rc4 {[%emt 0:00:04]} exd4 {[%emt 0:00:12]} 36. Rxd4 {[%emt 0:00:02]} Rxd4 {[%emt 0:00:04]} 37. Bxd4+ {[%emt 0:00:00]} 1/2-1/2

[Event "RUS-ch Women Blitz 2019"]
[Site "Sochi"]
[Date "2019.10.17"]
[Round "5.2"]
[White "Semenova, Elena"]
[Black "Bykova, Anastasia"]
[Result "1-0"]
[WhiteElo "2282"]
[BlackElo "2247"]
[Annotator "TA"]
[PlyCount "63"]
[EventDate "2019.10.17"]
[EventType "swiss"]
[EventCountry "RUS"]
[SourceTitle "playchess.com"]
[Source "ChessBase"]
[SourceQuality "1"]

{[%evp 15,63,-13,0,0,0,-26,-10,-7,23,15,69,6,14,12,16,20,76,79,80,96,86,85,109,91,162,150,141,114,594,583,838,83,125,97,104,72,331,-98,-105,-183,29993,29994,29994,29995,29997,29998,29998,29999,29999,29999]} 1. e4 c6 2. d4 d5 3. Nd2 dxe4 4. Nxe4 Bf5 5. Ng3 Bg6 6. h4 h6 7. f4 e6 8. Nf3 Nf6 9. Ne5 {B18: Classical Caro-Kann: 4...Bf5 sidelines} Bh7 10. Be3 (10. Bd3 Qxd4 11. c3 Qd5 12. Qe2 Bxd3 13. Nxd3 Nbd7 14. b3 Be7 15. c4 Qa5+ 16. Bd2 Qc7 {0-1 (34) Zakhartsov,V (2486)-Grigoriants,S (2540) St Petersburg 2018}) 10... Be7 11. Bd3 $146 {The position is equal.} ({Predecessor:} 11. Nh5 Rg8 12. Nxf6+ Bxf6 13. g3 Qd5 14. Rh2 Nd7 15. Qd2 Bxe5 16. dxe5 f6 17. Qxd5 cxd5 {1-0 (48) Marchena Hurtado,J (2085)-Ananian,A (1823) Salobrena 2012}) 11... Bxd3 12. Qxd3 Nd5 ({Better is} 12... Nbd7 $11) 13. h5 (13. f5 $14 Bxh4 14. Bd2 exf5 15. O-O-O Bxg3 16. Qxg3) 13... Nxe3 (13... O-O {seems wilder.} 14. O-O-O Nb4 15. Qb3 a5 16. a4 Nd7) 14. Qxe3 Nd7 15. O-O-O Nf6 (15... Nxe5 $11 16. dxe5 Qb6 17. Qxb6 axb6) 16. Kb1 $16 Nd5 17. Qf3 O-O 18. Ne4 Nf6 19. g4 Nxe4 (19... Qd5 $16 {might work better.} 20. Rhe1 Nxe4 21. Rxe4 Rad8) 20. Qxe4 $18 Qd5 21. Qe3 Rfe8 $2 {[%mdl 8192] [#]} (21... c5 $16) 22. g5 f6 23. gxf6 $2 (23. gxh6 $18 {and White stays clearly on top.} fxe5 24. dxe5) 23... Bxf6 $16 24. Rhg1 {Rg6 is the strong threat.} Rad8 25. Rg6 Re7 $2 {[%mdl 8192]} (25... Bxe5 $16 26. fxe5 Re7) 26. Rxf6 $2 (26. c4 $18 Qd6 27. Qg3 Bxe5 28. fxe5) 26... gxf6 $17 27. Rg1+ (27. c4 $17 {keeps fighting.} Qd6 28. Ng6) 27... Kh7 $4 {[%mdl 8192] [#]} (27... Rg7 $19 28. Ng6 Kh7) 28. Qd3+ {White mates.} f5 29. Qg3 Qxd4 30. Qg6+ Kh8 31. Qxh6+ Rh7 32. Qf6+ {Accuracy: White = 38%, Black = 20%.} 1-0

[Event "RUS-ch Women Blitz 2019"]
[Site "Sochi"]
[Date "2019.10.20"]
[Round "5.3"]
[White "Guseva, Marina"]
[Black "Zavivaeva, Emilia"]
[Result "1-0"]
[WhiteElo "2366"]
[BlackElo "1808"]
[Annotator "NA"]
[PlyCount "54"]
[EventDate "2019.10.17"]
[EventType "swiss"]
[EventCountry "RUS"]
[SourceTitle "playchess.com"]
[Source "ChessBase"]
[SourceQuality "1"]
[TimeControl "180+2"]

1. d4 {[%emt 0:00:00]} d5 {[%emt 0:00:01]} 2. c4 {[%emt 0:00:01]} c6 {[%emt 0:00:01]} 3. Nc3 {[%emt 0:00:01]} Nf6 {[%emt 0:00:01]} 4. e3 {[%emt 0:00:01]} e6 {[%emt 0:00:02]} 5. Nf3 {[%emt 0:00:01]} Bd6 {[%emt 0:00:05]} 6. Bd3 {[%emt 0:00:03]} O-O {[%emt 0:00:03]} 7. O-O {[%emt 0:00:04]} Nbd7 {[%emt 0:00:02]} 8. e4 {[%emt 0:00:02]} dxe4 {[%emt 0:00:10]} 9. Nxe4 {[%emt 0:00:01]} Nxe4 {[%emt 0:00:04]} 10. Bxe4 {[%emt 0:00:01]} Nf6 {[%emt 0:00:21]} 11. Bc2 {[%emt 0:00:03]} c5 {[%emt 0:00:11]} 12. Bg5 {[%emt 0:00:03]} h6 {[%emt 0:00:12]} 13. Bh4 {[%emt 0:00:06]} cxd4 {[%emt 0:00:33]} 14. Qd3 {[%emt 0:00:02]} g6 {[%emt 0:00:09]} 15. Nxd4 {[%emt 0:00:49]} Be7 {[%emt 0:00:32]} 16. Rad1 {[%emt 0:00:09]} e5 {[%emt 0:00:21]} 17. Nb5 {[%emt 0:00:04]} Be6 {[%emt 0:00:26]} 18. Qf3 {[%emt 0:00:26]} Qb6 {[%emt 0:00:12]} 19. Bxf6 {[%emt 0:00:06]} Bxf6 {[%emt 0:00:03]} 20. Qxf6 {[%emt 0:00:02]} Bxc4 {[%emt 0:00:03]} 21. Qxb6 {[%emt 0:00:11]} axb6 {[%emt 0:00:01]} 22. Bd3 {[%emt 0:00:01]} Bxd3 {[%emt 0:00:06]} 23. Rxd3 {[%emt 0:00:01]} Rxa2 {[%emt 0:00:01]} 24. Rb3 {[%emt 0:00:01]} Rc8 {[%emt 0:00:03]} 25. Nc3 {[%emt 0:00:03]} Ra6 {[%emt 0:00:03]} 26. Rd1 {[%emt 0:00:02]} b5 {[%emt 0:00:03]} 27. Rxb5 {[%emt 0:00:03]} Rac6 {[%emt 0:00:05]} 1-0